000 00953nas a2200301 4500
001 BR0203219
003 BR-BrBNA
005 20231205103050.0
007 ta
008 230509b bl.|||p| |||| 00| 00por d
040 _aBR-BrBNA
_bpor
_cBiblioteca Nacional de Agricultura
041 _a(Pt)
072 _aL73; L70
100 1 _aPalhano, H.B.
100 1 _aScherer, P.O.
100 1 _aAbidu, M.
100 1 _aJesus, V.L.T.
245 1 _aUso do florfenicol (Nuflor)para tratamento parenteral de infecções uterinas inespecíficas, de fêmeas bovinas, no estado do Rio de Janeiro
650 _aVACA LEITEIRA
650 _aÚTERO
650 _aINFECÇÃO
650 _aFLORFENICOL
650 _aTRATAMENTO
650 _aRIO DE JANEIRO
773 0 _tRevista Brasileira de Reprodução Animal (Brazil)
_xISSN 0102-0803
_g(Oct-Dec 2001), v. 25(4) p. 543-549
_wBR0203219
909 _a202311
_bLúcia
_c55
_dLúcia Elande
942 _2AGRIS
_n0
_cANA
999 _c170870
_d170870